| 000 | 00736nam a22002297a 4500 | ||
|---|---|---|---|
| 999 |
_c1794 _d1794 |
||
| 003 | AR-CdUCM | ||
| 008 | 190228b ||||| |||| 00| 0 spa d | ||
| 020 | _a 8482801767 | ||
| 040 |
_aMUNICIPALIDAD PROVINCIAL DEL CUSCO _cBIBLIOTECA MUNICIPAL DEL CUSCO |
||
| 082 |
_a868.36 / _bQ37 |
||
| 100 |
_aQuevedo, Francisco de _96596 |
||
| 245 | _aAntología poética / | ||
| 260 |
_aBogotá : _bLa oveja negra, _c1984. |
||
| 300 |
_a159 páginas ; _c19 cm. |
||
| 440 |
_aHistoria universal de la literatura, _n16. _96597 |
||
| 650 |
_aPoesías españolas _92005 |
||
| 650 |
_aPoesías 1580-1645 _96598 |
||
| 650 |
_aEdad de Oro, 1500-1700 _93058 |
||
| 700 |
_aBalcells, Jose María (edición) _96599 |
||
| 942 |
_2ddc _cLIBROS |
||
| 945 | _azta | ||